000 01366nam a2200301 4500
003 AUA.1
005 20130522160828.0
008 eng
035 _a.b15061668
040 _cAUA
050 _aBX6101
_b.N49
099 _aCAR Periodical
222 7 0 _aNorthern Asia-Pacific Division News & Views.
245 1 0 _aNorthern Asia-Pacific Division News & Views.
246 _aNews & Views.
246 7 _aNews and Views.
246 7 _aNews & Views (Northern Asia-Pacific Division)
247 7 _aNews and Views.
247 7 _aNews & Views (Northern Asia-Pacific Division)
260 1 _aSingapore.
_c2011
300 _a33p.:
_bcol. ill.
440 _aNews & Views.
_vJuly/August 2011
_936319
500 _aContents: Do you feel a sense of urgency? Revival for mission; Golden Angels; the great controversy project; once a missionary, always a missionary; is God calling you? Hishands stories from Mongolia; Joys, challenges of PMM in the field: Hong Kong, Congo, and Uganda;
700 _aSukHee Han
_eEditor
_936320
856 _uhttp://www.nsdadventist.org/news/news_2.html
_zNorthern Asia-Pacific Division News and Views (Online)
942 _2lcc
_cPER
_hBX6101
_i.N49 2011
999 _c10161
_d10161